योग और सम्मोहन : (Record no. 119362)
[ view plain ]
| 000 -LEADER | |
|---|---|
| fixed length control field | 01257nam a22002777a 4500 |
| 005 - DATE AND TIME OF LATEST TRANSACTION | |
| control field | 20170124103132.0 |
| 010 ## - LIBRARY OF CONGRESS CONTROL NUMBER | |
| LC control number | B-093236 |
| 020 ## - INTERNATIONAL STANDARD BOOK NUMBER | |
| Terms of availability | 160.00 |
| 035 ## - SYSTEM CONTROL NUMBER | |
| System control number | B-093236 |
| 037 ## - SOURCE OF ACQUISITION | |
| Source of stock number/acquisition | Cen Lib/Ret |
| 040 ## - CATALOGING SOURCE | |
| Original cataloging agency | DPL |
| Language of cataloging | HN |
| 082 ## - DEWEY DECIMAL CLASSIFICATION NUMBER | |
| Classification number | 613.7 |
| Item number | श्रीधर |
| 100 ## - MAIN ENTRY--PERSONAL NAME | |
| Personal name | श्रीधरन, ओ. के. |
| 9 (RLIN) | 44189 |
| 245 ## - TITLE STATEMENT | |
| Title | योग और सम्मोहन : |
| Statement of responsibility, etc | ओ. के. श्रीधरन; अनुवादक सुप्रिया भारतीयन |
| Remainder of title | एकत्व की राह / |
| 246 ## - VARYING FORM OF TITLE | |
| Title proper/short title | Yog aur sammohan : ektav ki rah / |
| Remainder of title | by O. K. Shridharan;anuvadak Supriya Bhartiyan |
| 260 ## - PUBLICATION, DISTRIBUTION, ETC. (IMPRINT) | |
| Place of publication, distribution, etc | मुंबई |
| Name of publisher, distributor, etc | भारतीय विधा भवन |
| Date of publication, distribution, etc | 2002 |
| 270 ## - ADDRESS | |
| Address | कुलपति मुंशी मार्ग |
| City | मुंबई |
| Postal code | 400001 |
| 300 ## - PHYSICAL DESCRIPTION | |
| Extent | xvi,163पृ. |
| Dimensions | 21सेमी(सजिल्द) |
| Other physical details | सचित्र |
| 500 ## - GENERAL NOTE | |
| General note | अनुक्रमणिका शामिल |
| 650 ## - SUBJECT ADDED ENTRY--TOPICAL TERM | |
| Topical term or geographic name as entry element | योग |
| 9 (RLIN) | 84525 |
| 650 ## - SUBJECT ADDED ENTRY--TOPICAL TERM | |
| Topical term or geographic name as entry element | योग और सम्मोहन |
| 9 (RLIN) | 43165 |
| 650 ## - SUBJECT ADDED ENTRY--TOPICAL TERM | |
| Topical term or geographic name as entry element | yoga |
| 9 (RLIN) | 84526 |
| 650 ## - SUBJECT ADDED ENTRY--TOPICAL TERM | |
| Topical term or geographic name as entry element | Yoga and Hypnosis |
| 9 (RLIN) | 84527 |
| 700 ## - ADDED ENTRY--PERSONAL NAME | |
| Personal name | भारतीयन, सुप्रिया |
| 9 (RLIN) | 84528 |
| 942 ## - ADDED ENTRY ELEMENTS (KOHA) | |
| Source of classification or shelving scheme | Dewey Decimal Classification |
| Koha item type | Hindi Books |
| Classification part | 613.7 |
| Call number suffix | श्रीधर |
| Withdrawn status | Lost status | Damaged status | Not for loan | Home library | Current library | Date acquired | Source of acquisition | Cost, normal purchase price | Total Checkouts | Total Renewals | Full call number | Barcode | Date last seen | Date checked out | Copy number | Cost, replacement price | Price effective from | Koha item type | Public note |
|---|---|---|---|---|---|---|---|---|---|---|---|---|---|---|---|---|---|---|---|
| Withdrawn | Central Library | Central Library | 16/09/2015 | Cen Lib/Ret | 160.00 | 6 | 1 | 613.7 श्रीधर | B-093236 | 23/10/2018 | 09/10/2018 | 1 | 160.00 | 16/09/2015 | Hindi Books | W/d List no-9002/25 |
